000
00295nam a22001337a 4500
008
181023b xxu||||| |||| 00| 0 eng d
020
_a
9781337111393
041
_a
eng
080
_2
6th
_a
510
100
_a
36
101
_a
MAT
245
_a
Functions and Change
_c
Crauder,B
942
_2
udc
_c
BK
999
_c
50637
_d
50637